00321nam a2200109Ia 4500008004100000082002000041100001800061245004400079260002400123630001800147650004600165211122s9999||||xx |||||||||||||| ||und|| a894.8121bDAS-K aDasan, Ajeesh 0aKottayam Christhuvum Mattu Kavithakalum bD c BooksaKottayam xGeneral Stack aMalayalamvMALAYALAM MALAYALAM LITERATURE